| 000 | 00821nam a2200289Ia 4500 | ||
|---|---|---|---|
| 003 | OSt | ||
| 005 | 20221006142209.0 | ||
| 006 | a|||||r|||| 00| 0 | ||
| 007 | ta | ||
| 008 | 221006b |||||||| |||| 00| 0 eng d | ||
| 020 | _cP30.00 | ||
| 024 | _a5,632 | ||
| 037 | _cTextual | ||
| 040 |
_aEASL _cEASL _beng |
||
| 041 |
_2eng _aeng |
||
| 082 | _aY31.41.N85, N0 | ||
| 100 |
_aPOTTER Sulamith Heins _9237795 |
||
| 245 | 0 |
_aChina's peasants _b The anthropology of a revolution |
|
| 260 |
_aCambridge _bCambridge University Press _c1990 |
||
| 300 |
_a358p. _ccm. |
||
| 490 | _v CEL | ||
| 650 |
_a Rural China _9647154 |
||
| 650 |
_aPeasant _9647155 |
||
| 700 |
_a POTTER Jack M _9138044 |
||
| 942 |
_hY31.41.N85, N0 _cTEXL _2CC |
||
| 999 |
_c1073718 _d1073718 |
||